[Event "Campionatul National individual  de sen"]
[Site "Olanesti"]
[Date "2013.02.20"]
[Round "6.6"]
[White "Gilea, Lucian"]
[Black "Petrisor, Adrian-Marian"]
[Result "0-1"]
[WhiteElo "2245"]
[BlackElo "2392"]
[PlyCount "62"]
[EventDate "2013.02.16"]
[EventRounds "9"]

1. d4 Nf6 2. c4 e6 3. Nf3 b6 4. Nc3 Bb4 5. Bd2 Bb7 6. e3 O-O 7. Bd3 d6 8. Qc2
Nbd7 9. a3 Bxc3 10. Bxc3 Qe7 11. Ng5 h6 12. Nh7 Rfc8 13. Nxf6+ Nxf6 14. O-O c5
15. Qe2 Rc7 16. Rfd1 Rd8 17. dxc5 Rxc5 18. e4 Nd7 19. b4 Rc7 20. Bd4 Ne5 21. f4
Nxd3 22. Qxd3 e5 23. Be3 exf4 24. Bxf4 Bxe4 25. Qg3 Rxc4 26. Bxd6 Qe6 27. Be5
Rxd1+ 28. Rxd1 f6 29. Bc3 Bxg2 30. Bxf6 Rg4 31. Re1 Be4 0-1

[Event "Campionatul National individual  de sen"]
[Site "Olanesti"]
[Date "2013.02.21"]
[Round "7.16"]
[White "Secheres, Adrian Simion"]
[Black "Gilea, Lucian"]
[Result "0-1"]
[WhiteElo "2160"]
[BlackElo "2245"]
[PlyCount "76"]
[EventDate "2013.02.16"]
[EventRounds "9"]

1. d4 Nf6 2. c4 d6 3. Nc3 e5 4. Nf3 e4 5. Nd2 Qe7 6. e3 Bf5 7. Be2 h5 8. b4 h4
9. h3 g6 10. Qc2 Bg7 11. Ba3 Nc6 12. O-O-O Nxd4 13. exd4 e3 14. Bd3 exd2+ 15.
Kb1 Bxd3 16. Qxd3 Bh6 17. Rhf1 d5 18. f4 dxc4 19. Qxc4 O-O-O 20. Rxd2 Ne4 21.
Rc2 Nxc3+ 22. Qxc3 Kb8 23. f5 Rd5 24. fxg6 fxg6 25. Qc4 Qd7 26. Bb2 Re8 27.
Rcf2 Qe6 28. Qd3 Bg5 29. Rf7 a5 30. Rg7 axb4 31. Rxg6 Qd7 32. Qf3 Ra5 33. Qb3
Qb5 34. Rd1 Qf5+ 35. Qc2 Qf7 36. a3 bxa3 37. Bc3 Rb5+ 38. Ka1 Rf5 0-1

[Event "Campionatul National individual  de sen"]
[Site "Olanesti"]
[Date "2013.02.21"]
[Round "8.7"]
[White "Gilea, Lucian"]
[Black "Doncea, Vladimir"]
[Result "1-0"]
[WhiteElo "2245"]
[BlackElo "2431"]
[PlyCount "79"]
[EventDate "2013.02.16"]
[EventRounds "9"]

1. d4 e6 2. c4 Nf6 3. Nf3 d5 4. Nc3 Bb4 5. Qa4+ Nc6 6. Ne5 Bd7 7. Nxd7 Qxd7 8.
e3 O-O 9. a3 Bxc3+ 10. bxc3 Ne5 11. Qxd7 Nexd7 12. a4 c5 13. cxd5 exd5 14. a5
Ne4 15. f3 Nd6 16. Bd3 Rfe8 17. Kf2 b5 18. Re1 f5 19. a6 Re6 20. dxc5 Nxc5 21.
Bc2 Nd7 22. Rd1 Nb6 23. Ba3 Rc8 24. Bxd6 Rxd6 25. Bxf5 Rxc3 26. Rab1 Ra3 27.
Rxb5 Rxa6 28. g4 Rc6 29. e4 dxe4 30. Rd8+ Kf7 31. Bxe4 Rc8 32. Rd2 Ra3 33. Kg3
g6 34. h4 Kg7 35. h5 Re8 36. Kh4 Re6 37. Rc5 Kf7 38. Rc7+ Re7 39. hxg6+ hxg6
40. Bxg6+ 1-0

[Event "Cap Aurora , FISCA Open"]
[Site "?"]
[Date "2013.06.22"]
[Round "?"]
[White "Gilea, Lucian"]
[Black "Jakab, Tunde"]
[Result "1-0"]
[WhiteElo "2292"]
[BlackElo "1794"]
[PlyCount "27"]
[EventDate "2013.??.??"]

1. d4 Nf6 2. c4 d5 3. cxd5 Nxd5 4. e4 Nf6 5. Nc3 g6 6. Bc4 Bg7 7. Nf3 O-O 8. h3
Nc6 9. a3 a6 10. b4 Re8 11. e5 Nd7 12. Bxf7+ Kxf7 13. Ng5+ Kg8 14. Ne6 1-0

[Event "Cap Aurora , FISCA Open"]
[Site "?"]
[Date "2013.06.29"]
[Round "?"]
[White "Gilea, Lucian"]
[Black "Bida, Mihai Eugen"]
[Result "0-1"]
[WhiteElo "2292"]
[BlackElo "2204"]
[PlyCount "110"]
[EventDate "2013.??.??"]

1. d4 Nf6 2. c4 c5 3. d5 e6 4. Nc3 exd5 5. cxd5 d6 6. e4 g6 7. h3 Bg7 8. Nf3
O-O 9. Bd3 a6 10. a4 Re8 11. O-O Nbd7 12. Bf4 Qe7 13. Re1 Nh5 14. Bh2 Qf8 15.
g4 Nhf6 16. Qd2 b6 17. Re2 Bb7 18. Rae1 Rac8 19. b3 h6 20. Nd1 h5 21. g5 Nh7
22. Nb2 f6 23. Nc4 fxg5 24. Nxg5 Bc3 25. Nxh7 Qg7 26. Qd1 Kxh7 27. Nxd6 Ne5 28.
Re3 Bxe1 29. Qxe1 Qf6 30. Nxe8 Rxe8 31. Be2 Nf7 32. Bf1 Qg5+ 33. Bg2 b5 34. f4
Qe7 35. e5 c4 36. bxc4 bxc4 37. Qa5 Rc8 38. Be4 Nxe5 39. fxe5 Qg5+ 40. Kf2 c3
41. Qb6 Rf8+ 42. Ke2 Bxd5 43. Bxd5 Qf5 44. Rf3 Qc2+ 45. Ke3 Qd2+ 46. Ke4 Qc2+
47. Kd4 Qd2+ 48. Kc5 Rxf3 49. Be4 Qe3+ 50. Kc6 Qxe4+ 51. Kd7 Qd5+ 52. Ke8 c2
53. Qc7+ Kg8 54. Qxc2 Qe6+ 55. Kd8 Rf8+ 0-1

[Event "Romanian Championship"]
[Site "?"]
[Date "2013.02.22"]
[Round "?"]
[White "Nevednichy, Vladislav"]
[Black "Gilea, Lucian"]
[Result "1-0"]
[WhiteElo "2542"]
[BlackElo "2245"]
[PlyCount "83"]
[EventDate "2013.??.??"]

1. e4 c6 2. d4 d5 3. e5 c5 4. dxc5 Nc6 5. Bb5 e6 6. Be3 Bd7 7. Bxc6 Bxc6 8. Nf3
Qc7 9. a4 a5 10. Nc3 Nh6 11. Qd3 Be7 12. Nb5 Bxb5 13. Qxb5+ Kf8 14. c4 Rd8 15.
Rd1 Nf5 16. cxd5 Rxd5 17. Rxd5 exd5 18. Bd2 g5 19. Bxa5 Qxc5 20. Qxc5 Bxc5 21.
Nxg5 Ke7 22. O-O Nd4 23. Rd1 Rg8 24. Nh3 Ra8 25. b4 Ne2+ 26. Kf1 Nc3 27. Rd3 d4
28. Nf4 b6 29. bxc5 Rxa5 30. cxb6 Rxa4 31. g3 Ke8 32. b7 Rb4 33. Rxd4 Rxb7 34.
Rc4 Nb1 35. Rc8+ Ke7 36. Rh8 Rb2 37. Rxh7 Nd2+ 38. Kg2 Ne4 39. e6 Ng5 40. Rg7
Nxe6 41. Nxe6 Kxe6 42. Rg8 1-0

[Event "Romanian Championship"]
[Site "?"]
[Date "2013.02.23"]
[Round "?"]
[White "Gilea, Lucian"]
[Black "Grigore, Nicolae Petre"]
[Result "1-0"]
[WhiteElo "2245"]
[BlackElo "2385"]
[PlyCount "76"]
[EventDate "2013.??.??"]

1. d4 Nf6 2. c4 g6 3. Nc3 Bg7 4. e4 d6 5. Nge2 O-O 6. Ng3 c5 7. d5 e6 8. Be2
exd5 9. exd5 Re8 10. O-O Nbd7 11. Bf4 Ne5 12. Re1 h6 13. h3 Kh7 14. Qc2 Ng8 15.
Be3 f5 16. f4 Qh4 17. Nf1 Nf7 18. g3 Qxh3 19. Nd1 Rxe3 20. Ndxe3 Nf6 21. Bf3
Ne4 22. Bg2 Qh5 23. g4 Qh4 24. gxf5 gxf5 25. Bxe4 fxe4 26. Qxe4+ Kg8 27. Qe8+
Bf8 28. Re2 Bg4 29. Qxa8 Bxe2 30. Ng2 Qf6 31. Re1 Qxb2 32. Nfe3 a6 33. Nh4 Bd3
34. Neg2 b5 35. Re3 Qd4 36. Kh2 Nh8 37. Qe8 Kg7 38. Rg3+ Ng6 1-0

[Event "Romanian Team National Championship 201"]
[Site "Olanesti"]
[Date "2012.10.08"]
[Round "3.5"]
[White "Pessi, Emil George"]
[Black "Gilea, Lucian"]
[Result "1/2-1/2"]
[WhiteElo "2183"]
[BlackElo "2245"]
[PlyCount "57"]
[EventDate "2012.10.06"]
[EventRounds "9"]
[WhiteTeam "Muncitorul Resita"]
[BlackTeam "Sah Club Galati"]

1. e4 e6 2. d3 d5 3. Nd2 dxe4 4. dxe4 Bc5 5. Ngf3 Nf6 6. Bd3 Nc6 7. O-O e5 8.
Nc4 Qe7 9. Ne3 Nb4 10. Bc4 Ng4 11. Nxg4 Bxg4 12. c3 Nc6 13. b4 Bd6 14. Bd5 Nd8
15. Qd3 c6 16. Bb3 Ne6 17. a4 O-O 18. h3 Bh5 19. Bxe6 Qxe6 20. Nh4 Rfd8 21. Qg3
Be7 22. Nf5 Bg6 23. Nxe7+ Qxe7 24. Be3 Rd3 25. Rac1 Bxe4 26. Rfe1 Bg6 27. Bc5
Rxg3 28. Bxe7 Rd3 29. Rxe5 1/2-1/2

[Event "Romanian Team National Championship 201"]
[Site "Olanesti"]
[Date "2012.10.09"]
[Round "4.4"]
[White "Popescu, Mircea"]
[Black "Gilea, Lucian"]
[Result "0-1"]
[WhiteElo "2107"]
[BlackElo "2245"]
[PlyCount "96"]
[EventDate "2012.10.06"]
[EventRounds "9"]
[WhiteTeam "Sah Club 82-83 Bucuresti"]
[BlackTeam "Sah Club Galati"]

1. f4 d5 2. Nf3 g6 3. d4 Bg7 4. c3 Nf6 5. e3 c5 6. Bd3 Qb6 7. O-O Nc6 8. Nbd2
Nh5 9. Kh1 cxd4 10. Nxd4 Nf6 11. Qe1 Bd7 12. a4 O-O 13. N2f3 Ne4 14. Qh4 Bf6
15. Qe1 Nxd4 16. exd4 Bf5 17. Bb1 Qa6 18. Ne5 h5 19. Bd3 Qa5 20. Qe2 Rad8 21.
g4 hxg4 22. Nxg4 Kg7 23. Ne3 e6 24. Nxf5+ exf5 25. Bxe4 dxe4 26. Be3 a6 27. b4
Qc7 28. Rac1 Qe7 29. Rfd1 Rh8 30. b5 axb5 31. axb5 Rh3 32. d5 Qd6 33. c4 Qa3
34. Re1 Rdh8 35. c5 Qb3 36. d6 Qxb5 37. Bg1 Qc6 38. Qg2 Rd3 39. Re3 Rxd6 40.
cxd6 Qxc1 41. Rb3 Qxf4 42. Rb6 Rd8 43. Bc5 Rc8 44. Bg1 Rc1 45. d7 Rxg1+ 46.
Qxg1 Qf3+ 47. Qg2 Qd1+ 48. Qg1 Qxg1+ 0-1

[Event "Romanian Team National Championship 201"]
[Site "Olanesti"]
[Date "2012.10.10"]
[Round "5.4"]
[White "Gilea, Lucian"]
[Black "Bucur, Stefan"]
[Result "1-0"]
[WhiteElo "2245"]
[BlackElo "2025"]
[PlyCount "113"]
[EventDate "2012.10.06"]
[EventRounds "9"]
[WhiteTeam "Sah Club Galati"]
[BlackTeam "Sah Club Deva"]

1. d4 Nf6 2. Nf3 g6 3. Bf4 Bg7 4. e3 b6 5. c4 Bb7 6. Be2 O-O 7. O-O d5 8. Nc3
a6 9. h3 Nbd7 10. Ne5 dxc4 11. Nxc4 Re8 12. Bf3 Bxf3 13. Qxf3 b5 14. Ne5 c5 15.
a4 c4 16. Nc6 Qc8 17. Rac1 Nh5 18. Nd5 Kf8 19. Nc7 Nxf4 20. Nxe8 Nxh3+ 21. gxh3
Kxe8 22. axb5 axb5 23. Qd5 Ra6 24. Nb4 Rb6 25. Ra1 Nb8 26. Kg2 e6 27. Qe4 f5
28. Qh4 Qb7+ 29. f3 Bf8 30. Nc2 b4 31. Rfd1 Qc7 32. Rdc1 Rb7 33. Ne1 c3 34.
bxc3 bxc3 35. Rc2 Qc4 36. Qf2 Bb4 37. Rb1 Nc6 38. Qf1 Qd5 39. Nd3 f4 40. Nxb4
Nxb4 41. Rxc3 Qg5+ 42. Kh1 fxe3 43. Rcb3 Qg3 44. Rxb4 e2 45. Qxe2 Rxb4 46. Rxb4
Qxh3+ 47. Kg1 Qg3+ 48. Kf1 Qh3+ 49. Qg2 Qf5 50. Rb8+ Ke7 51. Kg1 Qf4 52. Rb7+
Kf6 53. Qf2 Qc1+ 54. Kh2 Qh6+ 55. Kg2 Qg5+ 56. Qg3 Qd2+ 57. Kh3 1-0

[Event "Romanian Team National Championship 201"]
[Site "Olanesti"]
[Date "2012.10.11"]
[Round "6.4"]
[White "Gilea, Lucian"]
[Black "Dicu, Razvan Stefan"]
[Result "1/2-1/2"]
[WhiteElo "2245"]
[BlackElo "2232"]
[PlyCount "71"]
[EventDate "2012.10.06"]
[EventRounds "9"]
[WhiteTeam "Sah Club Galati"]
[BlackTeam "CS Otopeni"]

1. d4 e6 2. Nf3 Nf6 3. Bf4 b6 4. e3 Bb7 5. Bd3 Be7 6. h3 c5 7. O-O cxd4 8. exd4
O-O 9. c3 d5 10. Qe2 Qc8 11. Nbd2 a5 12. Ne5 Ba6 13. Rfe1 Bxd3 14. Qxd3 Qa6 15.
Qf3 b5 16. a3 Qb7 17. Rac1 Nc6 18. Bg5 h6 19. Bf4 Rfc8 20. Ng4 Nxg4 21. Qxg4
Kh7 22. Nf3 b4 23. axb4 axb4 24. c4 dxc4 25. Rxc4 Bf6 26. Rec1 Ne7 27. Rc7 Rxc7
28. Rxc7 Qe4 29. Be5 Qb1+ 30. Kh2 Nf5 31. Bxf6 Ra1 32. Ng5+ Kg6 33. Ne4+ Kh7
34. Ng5+ Kg6 35. Ne4+ Kh7 36. Ng5+ 1/2-1/2

[Event "Arad PAB Romania Open 2012"]
[Site "?"]
[Date "2012.07.31"]
[Round "7.10"]
[White "Peptan, Corina-Isabela"]
[Black "Gilea, Lucian"]
[Result "1-0"]
[WhiteElo "2420"]
[BlackElo "2286"]
[PlyCount "103"]
[EventDate "2012.07.31"]

1. e4 c6 2. d4 g6 3. f4 d5 4. e5 h5 5. Nf3 Bg4 6. h3 Bf5 7. Nc3 e6 8. a3 c5 9.
Be3 c4 10. g3 Be7 11. Rg1 Nh6 12. Ng5 Qb6 13. Rb1 Nc6 14. Be2 Ng8 15. g4 hxg4
16. hxg4 Bxg5 17. fxg5 Be4 18. Qd2 Rh3 19. Kf2 O-O-O 20. Nxe4 dxe4 21. Kg2 Rh7
22. Qc3 Nge7 23. Bxc4 Nd5 24. Bxd5 exd5 25. Rh1 Rdh8 26. Rh6 Rxh6 27. gxh6 Kb8
28. g5 Qd8 29. Rf1 Qd7 30. Qe1 Nd8 31. Rf6 Ne6 32. Qb4 Ka8 33. Kf2 Rc8 34. Qd2
Nf8 35. Kg3 Nh7 36. Rf2 Rc6 37. Qe2 Qc7 38. Qf1 f5 39. gxf6 Qf7 40. Qb5 g5 41.
Qf1 Rc8 42. Qh3 g4 43. Qf1 a6 44. c3 Rf8 45. Qh1 Qc7 46. Qf1 Qb6 47. Qe2 Qe6
48. Rf4 Rg8 49. Rxg4 Rxg4+ 50. Qxg4 Qe8 51. Qf5 Ka7 52. f7 1-0

[Event "#1"]
[Site "Cap Aurora"]
[Date "2012.06.24"]
[Round "1.7"]
[White "Prajovschi, Liviu"]
[Black "Gilea, Lucian"]
[Result "0-1"]
[WhiteElo "1693"]
[BlackElo "2286"]
[PlyCount "88"]
[EventDate "2012.??.??"]

1. d4 Nf6 2. Bf4 c5 3. c3 e6 4. e3 Nc6 5. Bd3 b6 6. Nf3 Bb7 7. Nbd2 d5 8. Ne5
Nxe5 9. Bxe5 a6 10. a3 Bd6 11. Bxd6 Qxd6 12. f4 Nd7 13. O-O f5 14. Nf3 O-O 15.
Ne5 Nxe5 16. fxe5 Qe7 17. Qh5 Bc6 18. h3 c4 19. Bc2 b5 20. Qe2 a5 21. Qd2 Be8
22. Rab1 Rb8 23. b4 Ra8 24. Ra1 Bh5 25. Qf2 g5 26. Bd1 Bg6 27. Bc2 Bh5 28. Bd1
Bxd1 29. Rfxd1 Ra7 30. Ra2 f4 31. Rf1 Qg7 32. Qf3 axb4 33. cxb4 fxe3 34. Qxe3
Rxf1+ 35. Kxf1 Qg6 36. Ke2 Rf7 37. Rb2 Rf4 38. Kd2 Qf5 39. Kc3 Re4 40. Qg3 g4
41. Rf2 Qg5 42. Kc2 Rxd4 43. h4 Qg6+ 44. Kb2 Rd3 0-1

[Event "#1"]
[Site "Cap Aurora"]
[Date "2012.06.26"]
[Round "4.5"]
[White "Gilea, Lucian"]
[Black "Ionescu Brandis, Irina"]
[Result "1/2-1/2"]
[WhiteElo "2286"]
[BlackElo "2115"]
[PlyCount "29"]
[EventDate "2012.??.??"]

1. d4 Nf6 2. Nf3 e6 3. Bg5 h6 4. Bh4 d6 5. Nbd2 g5 6. Bg3 Nh5 7. e3 Bg7 8. Ng1
Nxg3 9. hxg3 Nc6 10. c3 Qe7 11. g4 Bd7 12. Ne2 f5 13. Ng3 Rf8 14. Nh5 Bh8 15.
Bd3 1/2-1/2

[Event "#1"]
[Site "Cap Aurora"]
[Date "2012.06.26"]
[Round "5.6"]
[White "Gal, Imola-Katalin"]
[Black "Gilea, Lucian"]
[Result "0-1"]
[WhiteElo "2106"]
[BlackElo "2286"]
[PlyCount "71"]
[EventDate "2012.??.??"]

1. d4 Nf6 2. c4 g6 3. Nc3 d5 4. Nf3 Bg7 5. e3 O-O 6. Be2 dxc4 7. Bxc4 c5 8. O-O
Nc6 9. dxc5 Qa5 10. Qe2 Qxc5 11. e4 Bg4 12. Be3 Qb4 13. a3 Bxf3 14. gxf3 Qa5
15. f4 e5 16. b4 Qc7 17. Nb5 Qc8 18. f5 Nxe4 19. f3 Nf6 20. fxg6 hxg6 21. Nd6
Qc7 22. Bc5 a6 23. Ne4 Rfd8 24. Ng5 Rd7 25. Rad1 Nd4 26. Bxd4 exd4 27. Qd3 Nd5
28. Rc1 Qf4 29. Ne4 Be5 30. Rc2 Ne3 31. Nc5 Rd6 32. Rff2 b5 33. Ba2 Nxc2 34.
Qxc2 Rc8 35. Qb3 d3 36. Qd1 0-1

[Event "#1"]
[Site "Cap Aurora"]
[Date "2012.06.28"]
[Round "6.4"]
[White "Gilea, Lucian"]
[Black "Tomici, Stefan"]
[Result "1/2-1/2"]
[WhiteElo "2286"]
[BlackElo "2147"]
[PlyCount "36"]
[EventDate "2012.??.??"]

1. d4 d5 2. c4 e6 3. Nc3 c5 4. cxd5 exd5 5. Nf3 Nc6 6. g3 Nf6 7. Bg2 Be7 8. O-O
O-O 9. Bf4 Bg4 10. dxc5 Bxc5 11. Rc1 Re8 12. Nb5 Bb6 13. h3 Bh5 14. g4 Bg6 15.
Bg5 h6 16. Bh4 Be4 17. e3 Qe7 18. a3 Rad8 1/2-1/2

[Event "#1"]
[Site "Cap Aurora"]
[Date "2012.06.28"]
[Round "7.5"]
[White "Cimpoiasu, Dan"]
[Black "Gilea, Lucian"]
[Result "0-1"]
[WhiteElo "1908"]
[BlackElo "2286"]
[PlyCount "129"]
[EventDate "2012.??.??"]

1. d4 Nf6 2. c4 d6 3. Nf3 Bg4 4. Nc3 Nbd7 5. e4 e5 6. Be2 c6 7. O-O Be7 8. Be3
O-O 9. a3 Bh5 10. Nd2 Bg6 11. b4 Ne8 12. g4 Bg5 13. Bxg5 Qxg5 14. Nb3 Nef6 15.
dxe5 dxe5 16. Qd2 Qh4 17. f3 Rfd8 18. Qe1 Qxe1 19. Rfxe1 b6 20. Red1 Nf8 21.
Rxd8 Rxd8 22. Rd1 Rxd1+ 23. Bxd1 Ne6 24. Kf2 Kf8 25. Ne2 h5 26. h3 h4 27. Ke3
Ke7 28. a4 Ng5 29. Ng1 Ne8 30. Nc1 Nc7 31. Nd3 f6 32. Ne1 Bf7 33. Ng2 Bxc4 34.
Nxh4 Nge6 35. Nf5+ Kd7 36. Be2 Bb3 37. a5 b5 38. Kd2 g6 39. Kc3 Ba4 40. Ne3 Nf4
41. h4 Nce6 42. Bd1 Bxd1 43. Nxd1 Kd6 44. Ne3 c5 45. Nc2 Nd8 46. Na1 Nb7 47.
Nb3 cxb4+ 48. Kxb4 a6 49. Kc3 Nc5 50. Nc1 Kc6 51. Nge2 Nfe6 52. Na2 Kd6 53. Nb4
Ke7 54. Nd5+ Kf7 55. Ne3 Nb7 56. Kb4 Ned8 57. Nd5 Nc6+ 58. Ka3 Nbxa5 59. Nc7
Nc4+ 60. Ka2 Nb8 61. f4 exf4 62. Nxf4 Nd6 63. Nfd5 Nxe4 64. Nb4 Nc5 65. Nbxa6
0-1

[Event "#2"]
[Site "?"]
[Date "2012.06.30"]
[Round "9.2"]
[White "Milu, Romeo Sorin"]
[Black "Gilea, Lucian"]
[Result "1/2-1/2"]
[WhiteElo "2419"]
[BlackElo "2286"]
[PlyCount "24"]
[EventDate "2012.??.??"]

1. e4 e5 2. Nf3 Nf6 3. Nxe5 d6 4. Nf3 Nxe4 5. Nc3 Nxc3 6. dxc3 Nc6 7. Be3 Be7
8. Qd2 Bf5 9. O-O-O Bf6 10. Rg1 Qd7 11. h3 h5 12. Kb1 O-O-O 1/2-1/2

[Event "Arad PAB Romania Open"]
[Site "?"]
[Date "2012.07.31"]
[Round "?"]
[White "Gilea, Lucian"]
[Black "Uta, Adeline-Ramona"]
[Result "1-0"]
[WhiteElo "2286"]
[BlackElo "2051"]
[PlyCount "47"]
[EventDate "2012.??.??"]

1. d4 g6 2. Nf3 Bg7 3. Bf4 Nf6 4. e3 O-O 5. Be2 d6 6. h3 Nc6 7. c4 Nd7 8. Nc3
e5 9. Bh2 f5 10. Rb1 g5 11. g4 fxg4 12. hxg4 exd4 13. Nxd4 Nxd4 14. exd4 Qf6
15. Bg3 Nb6 16. c5 dxc5 17. dxc5 Qc6 18. Rh5 Bxg4 19. Bxg4 Rae8+ 20. Kf1 Qxc5
21. Kg2 Bd4 22. Qd3 Rf7 23. Ne4 Qd5 24. Rxg5+ 1-0

[Event "Arad PAB Romania Open 2012"]
[Site "Arad"]
[Date "2012.07.27"]
[Round "1.26"]
[White "Barbuleanu, Serban-Ioan"]
[Black "Gilea, Lucian"]
[Result "1/2-1/2"]
[WhiteElo "1827"]
[BlackElo "2286"]
[Annotator ",cipri"]
[PlyCount "119"]
[EventDate "2012.??.??"]

1. e4 Nc6 2. d4 d5 3. e5 Bf5 4. f4 h5 5. Nf3 e6 6. c3 Nh6 7. Bd3 Be7 8. Be3 Qd7
9. Bxf5 Nxf5 10. Qd3 Na5 11. Nbd2 Nc4 12. Nxc4 dxc4 13. Qe2 Qd5 14. Bf2 Rh6 15.
O-O-O b5 16. Rhe1 a5 17. Qe4 c6 18. Qxd5 cxd5 19. Re2 Kd7 20. a3 Rhh8 21. Kc2
Rhb8 22. Rb1 b4 23. a4 Ra6 24. Ree1 Rab6 25. g3 Bd8 26. Nd2 Ne7 27. Nf1 bxc3
28. bxc3 Rxb1 29. Rxb1 Rxb1 30. Kxb1 Nc8 31. Ne3 Nb6 32. Nd1 Nxa4 33. Be3 Be7
34. Ka2 Kc6 35. Bc1 Nb6 36. Ba3 Nc8 37. h3 Kb5 38. Ne3 Bxa3 39. Kxa3 Ne7 40. g4
hxg4 41. hxg4 Nc8 42. f5 $11 Nb6 43. fxe6 fxe6 44. Nd1 Na4 45. g5 g6 46. Ka2
Nc5 47. dxc5 Kxc5 48. Nb2 d4 49. Na4+ Kd5 50. Nb6+ Kc5 51. Na4+ Kb5 52. cxd4
Kxa4 53. d5 Kb5 54. d6 Kc6 55. Ka3 Kd7 56. Ka4 Kc6 57. Ka3 Kb6 58. Ka4 Kb7 59.
Ka3 Kc6 60. Ka4 1/2-1/2

[Event "CN Seniori 2011"]
[Site "Sarata Monteoru"]
[Date "2011.02.12"]
[Round "1.26"]
[White "Gilea, Lucian"]
[Black "Costachi, Mihnea"]
[Result "1-0"]
[WhiteElo "2285"]
[BlackElo "1843"]
[PlyCount "121"]
[EventDate "2011.02.12"]

1. d4 Nf6 2. Nf3 g6 3. b3 Bg7 4. Bb2 O-O 5. Nbd2 d5 6. e3 c6 7. Bd3 Ne8 8. c4
Nd6 9. e4 dxe4 10. Nxe4 Nd7 11. Ng3 e5 12. O-O exd4 13. Bxd4 Nf6 14. h3 Nfe8
15. Qc2 Bxd4 16. Nxd4 Ng7 17. Rad1 Qf6 18. c5 Qxd4 19. Bxg6 Qh4 20. cxd6 hxg6
21. d7 Rd8 22. dxc8=Q Raxc8 23. Qc5 b6 24. Rxd8+ Qxd8 25. Qc3 Qd5 26. Qf6 Re8
27. Qc3 c5 28. Qc2 Ne6 29. Re1 Rd8 30. Ne4 Kg7 31. Qc1 Qf5 32. Ng3 Qd3 33. Qb2+
Qd4 34. Qe2 Qf4 35. Nf1 Qg5 36. Qf3 Nd4 37. Qb7 Rd7 38. Qxd7 Nf3+ 39. Kh1 Nxe1
40. Ne3 Nc2 41. Ng4 Qc1+ 42. Kh2 Qf4+ 43. g3 Qf3 44. Qe7 Nd4 45. b4 Qd1 46.
Qf6+ Kg8 47. Ne5 Nf3+ 48. Nxf3 c4 49. Qc3 Qe2 50. Kg2 Qxa2 51. Ne5 b5 52. Qf3
c3 53. Qxc3 Qd5+ 54. Kh2 Qa2 55. Ng4 f5 56. Qc8+ Kg7 57. Qd7+ Kf8 58. Qd6+ Ke8
59. Qxg6+ Kd8 60. Qxf5 Qc4 61. Ne5 1-0

[Event "CN Seniori 2011"]
[Site "Sarata Monteoru"]
[Date "2011.02.13"]
[Round "2.24"]
[White "Dicu, Razvan Stefan"]
[Black "Gilea, Lucian"]
[Result "1-0"]
[WhiteElo "2087"]
[BlackElo "2285"]
[PlyCount "39"]
[EventDate "2011.02.12"]

1. e4 c6 2. c4 d6 3. d4 Nf6 4. Nc3 g6 5. f4 Bg7 6. Nf3 O-O 7. Bd3 a6 8. a4 b6
9. O-O Bb7 10. Qe2 a5 11. e5 Ne8 12. f5 c5 13. Nd5 cxd4 14. e6 fxe6 15. Qxe6+
Kh8 16. Ng5 Nc6 17. fxg6 Rxf1+ 18. Kxf1 Ne5 19. Nxe7 Bc8 20. Qg8# 1-0

[Event "CN Seniori 2011"]
[Site "Sarata Monteoru"]
[Date "2011.02.14"]
[Round "3.26"]
[White "Gilea, Lucian"]
[Black "Toma, Mihai-Iulian"]
[Result "1-0"]
[WhiteElo "2285"]
[BlackElo "1945"]
[PlyCount "186"]
[EventDate "2011.02.12"]

1. d4 Nf6 2. Nf3 c5 3. c3 e6 4. g3 b6 5. Bg2 Bb7 6. O-O d5 7. a4 Nc6 8. Bf4 Be7
9. dxc5 Bxc5 10. Nbd2 Nh5 11. Be5 Nxe5 12. Nxe5 Nf6 13. a5 Qc7 14. Nd3 O-O 15.
Nxc5 bxc5 16. Re1 Ba6 17. e4 Rab8 18. Qc2 Rfd8 19. exd5 exd5 20. b3 g6 21. Nf1
Qb7 22. Rab1 Qc7 23. Ra1 Re8 24. Ne3 Rbd8 25. Red1 Qe5 26. c4 d4 27. Nd5 Bc8
28. Qd2 Nxd5 29. Bxd5 Be6 30. Re1 Qf6 31. Bg2 Bf5 32. Qf4 g5 33. Qd2 h6 34.
Rad1 Qg6 35. b4 cxb4 36. Qxb4 d3 37. Rxe8+ Rxe8 38. Bf1 Rd8 39. c5 Qe6 40. Qc3
Qc6 41. Bg2 Be4 42. Bxe4 Qxe4 43. c6 Qe2 44. Rd2 Qe1+ 45. Kg2 Rc8 46. Qxd3 Rxc6
47. Re2 Qxa5 48. Qd4 Re6 49. Rc2 Re8 50. Rc6 Qe5 51. Qxe5 Rxe5 52. Rxh6 Re6 53.
Rh5 f6 54. h4 Re5 55. hxg5 Rxg5 56. Rh4 Kf7 57. f4 Rb5 58. Rh7+ Kg6 59. Rxa7
Kf5 60. Kh3 Rb1 61. Ra5+ Kg6 62. Kh4 Rh1+ 63. Kg4 Rg1 64. f5+ Kh7 65. Ra6 Kg7
66. Ra7+ Kg8 67. Rb7 Rh1 68. Rc7 Rh2 69. Kf3 Rh1 70. Rc3 Kf7 71. Ra3 Rh2 72.
Ke4 Rc2 73. Re3 Rf2 74. g4 Rf1 75. Ra3 Re1+ 76. Kd4 Rg1 77. Ra7+ Kf8 78. Kd5
Rxg4 79. Ke6 Rg1 80. Kxf6 Kg8 81. Ra8+ Kh7 82. Ke6 Re1+ 83. Kf7 Rb1 84. Ra7 Rb6
85. Re7 Ra6 86. Kf8+ Kh8 87. Re6 Ra8+ 88. Kf7 Ra7+ 89. Re7 Ra6 90. Re2 Ra7+ 91.
Kg6 Rg7+ 92. Kf6 Ra7 93. Re8+ Kh7 1-0

[Event "CN Seniori 2011"]
[Site "Sarata Monteoru"]
[Date "2011.02.14"]
[Round "4.20"]
[White "Lupascu, Matei Alexandru"]
[Black "Gilea, Lucian"]
[Result "0-1"]
[WhiteElo "1946"]
[BlackElo "2285"]
[PlyCount "74"]
[EventDate "2011.02.12"]

1. d4 d6 2. c4 e5 3. dxe5 dxe5 4. Qxd8+ Kxd8 5. Nc3 c6 6. Nf3 f6 7. Bd2 Be6 8.
e3 Kc7 9. O-O-O Nd7 10. Rg1 h5 11. Nh4 Ne7 12. f4 g5 13. fxg5 fxg5 14. Nf3 Rg8
15. Ne4 g4 16. Nh4 Nf5 17. Nxf5 Bxf5 18. Bd3 Bh6 19. Rgf1 Rgf8 20. Bb1 h4 21.
Nc5 Nxc5 22. Bxf5 e4 23. Kc2 Nd3 24. Bxg4 Nf2 25. Ba5+ b6 26. Rd7+ Kb8 27. Bb4
c5 28. Be6 cxb4 29. Bd5 Bxe3 30. Rh7 a5 31. Bxa8 Kxa8 32. Rxh4 Rd8 33. Rh5 Rd2+
34. Kb3 Kb7 35. Rd5 Nd3 36. Ka4 Ka6 37. Rdf5 Nc5+ 0-1

[Event "CN Seniori 2011"]
[Site "Sarata Monteoru"]
[Date "2011.02.17"]
[Round "7.10"]
[White "Doncea, Vladimir"]
[Black "Gilea, Lucian"]
[Result "0-1"]
[WhiteElo "2402"]
[BlackElo "2285"]
[PlyCount "110"]
[EventDate "2011.02.12"]

1. c4 Nf6 2. g3 c6 3. Bg2 d5 4. Nf3 Bf5 5. Qb3 Qb6 6. Nc3 e6 7. O-O Nbd7 8.
cxd5 exd5 9. d3 Qxb3 10. axb3 Bb4 11. Nd4 Bg6 12. Nc2 Bd6 13. b4 O-O 14. b5 Nb6
15. bxc6 bxc6 16. Nd4 Rfc8 17. Ra6 h6 18. Bd2 Bc5 19. Nb3 Nbd7 20. Bh3 Bb6 21.
Na4 Re8 22. Ra1 Rab8 23. Nxb6 Rxb6 24. Rxb6 axb6 25. Ra7 Ne5 26. Rb7 c5 27. Nc1
Bh5 28. Kf1 c4 29. f4 Neg4 30. Bxg4 Bxg4 31. e3 cxd3 32. Nxd3 d4 33. Ne5 Bh3+
34. Ke2 dxe3 35. Bxe3 Nd5 36. Bxb6 Bc8 37. Rxf7 Rxe5+ 38. fxe5 Kxf7 39. Bc5 Bf5
40. Kf3 h5 41. b4 Ke6 42. Bd6 g5 43. Kf2 Bg4 44. h4 gxh4 45. gxh4 Kf5 46. Kg3
Ke4 47. Kg2 Ne3+ 48. Kf2 Nc4 49. Bc7 Nxe5 50. b5 Ng6 51. b6 Bc8 52. Kg3 Ne7 53.
Bd8 Nf5+ 54. Kf2 Ba6 55. Ke1 Kf4 0-1

[Event "CN Seniori 2011"]
[Site "Sarata Monteoru"]
[Date "2011.02.17"]
[Round "8.8"]
[White "Gilea, Lucian"]
[Black "Baratosi, Daniel"]
[Result "0-1"]
[WhiteElo "2285"]
[BlackElo "2372"]
[PlyCount "62"]
[EventDate "2011.02.12"]

1. d4 d5 2. Nf3 Nf6 3. g3 c6 4. Bg2 Bg4 5. Nbd2 Nbd7 6. O-O e6 7. b3 Be7 8. Bb2
O-O 9. c4 Rc8 10. a3 Bh5 11. b4 Ne8 12. Qb3 Nd6 13. Rfe1 Bg6 14. c5 Ne4 15. a4
Bf6 16. Nf1 Qc7 17. Ne3 h5 18. Bh3 Bh7 19. Rad1 Rce8 20. Nf1 b6 21. cxb6 Qxb6
22. N1d2 Rb8 23. Ba3 Rfd8 24. a5 Nxd2 25. Rxd2 Qxa5 26. Rc1 Qb5 27. Qe3 Qa4 28.
Rb2 Nb6 29. Nd2 Bxd4 30. Qxd4 Qxa3 31. Re1 Nc4 0-1

[Event "CN Seniori 2011"]
[Site "Sarata Monteoru"]
[Date "2011.02.19"]
[Round "10.23"]
[White "Adoamnei, Roxana-Antonela"]
[Black "Gilea, Lucian"]
[Result "0-1"]
[WhiteElo "1983"]
[BlackElo "2285"]
[PlyCount "42"]
[EventDate "2011.02.12"]

1. d4 Nf6 2. Nf3 c5 3. c4 g6 4. Nc3 Bg7 5. e4 cxd4 6. Nxd4 d6 7. Be2 Nc6 8. Be3
O-O 9. f3 Bd7 10. Qd2 Qa5 11. O-O Rfc8 12. Rac1 a6 13. Rfd1 Rab8 14. Nb3 Qh5
15. Na4 Nd4 16. Nb6 Nxe4 17. Qe1 Be5 18. h3 Bxh3 19. Bxd4 Bxg2 20. fxe4 Qh2+
21. Kf2 Bxe4+ 0-1